| 000 | 00797nac a22002411ca4500 | ||
|---|---|---|---|
| 001 | a987674802 | ||
| 008 | 170707s1914 gw |||| 000u ger d | ||
| 041 | _ager | ||
| 100 | 1 | _aFriedrich II., Preußen König | |
| 245 | 0 | 0 |
_aBriefe Friedrich des Großen : _bin deutscher Übersetzung / _cin dt. Übers. Hrsg. von Max Hein. Dt. von Friedrich v. Oppeln-Bronikowski u. Eberhard König. Mit Ill. von Adolph v. Menzel |
| 264 |
_aBerlin : _bHobbing, _c1914 |
||
| 300 | _a2 Bände in deutscher Übersetzung | ||
| 600 | 0 | _aFriedrich II., Preußen, König | |
| 651 | 0 | _aPreußen | |
| 655 | 0 | _aBriefsammlung | |
| 655 | 0 | _aQuelle | |
| 700 | 1 |
_aHein, Max _eHerausgeberIn |
|
| 700 | 1 |
_aMenzel, Adolph von _eHerausgeberIn |
|
| 942 | _cMG | ||
| 040 | _cRU-10907106 | ||
| 003 | RU-10907106 | ||
| 999 |
_c3023 _d3023 |
||